The rainbow

Bibliographic Details
Main Author: Lawrence, D. H
Format: Book
Published: India : Rohan Book Company , 2004
Series:Popular illustrated classics
Subjects:

MARC

LEADER 00000cam a2200000 7i4500
001 0000010007
005 20071009.0
008 071009
020 |a 8178266393 
090 0 0 |a LAW   |b ENG 
100 1 |a Lawrence, D. H 
245 1 4 |a The rainbow   |c D. H Lawrence 
260 |a India :   |b Rohan Book Company ,   |c 2004 
440 |a Popular illustrated classics 
650 0 |a English fiction 
650 0 |a Novel 
999 |a 0000992808   |b Book   |c Adult Collection   |e Perbadanan Perpustakaan Awam Johor 
999 |a 0001000144   |b Book   |c Adult Collection   |e Perbadanan Perpustakaan Awam Johor 
999 |a 0001000146   |b Book   |c Adult Collection   |e Perbadanan Perpustakaan Awam Johor